00922 2200301 4500001002100000005001500021035002000036007000300056008004100059020002200100040002200122082001700144084001900161090002200180100003100202245009100233250003100324300004000355650003400395850001200429504002900441264003200470336002100502337003000523338002300553999002200576990002200598INLIS00000000085978620210518093201 a0010-0521000367ta210511s2019 yoia gr ind d a978-623-209-779-7 aYOPDYOGbinderda04223a658.1511 a658.1511 BAM o aCB-D.11 2019-39070 aBambang Sudaryanaepenulis10aOperasionalisasi MYOB accounting (bimbingan dan praktek) /cpenulis, Bambang Sudaryana aCetakan pertama: Juni 2019 aviii, 57 halaman :bgambar ;c23 cm 4aSistem informasi--xAkuntansi aYOPDYOG aBibliografi : halaman 5731aSleman :bDeepublish,c2019 2rdacontentateks 2rdamediaatanpa perantara 2rdacarrieravolume aCB-D.11/2019-3907 aCB-D.11/2019-3907